000 00225nam a22000857a 4500
008 170605b xxu||||| |||| 00| 0 eng d
100 _93273
_aSharma G. P
245 _aFamous Jungle Stories
260 _aDelhi
_bManoj Publication
_c2005
999 _c6588
_d6588